Dialectics of social life: alarms and excursions in anthropological theory (Record no. 12664)

MARC details
000 -LEADER
fixed length control field 00525nam a2200181Ia 4500
082 ## - DEWEY DECIMAL CLASSIFICATION NUMBER
Classification number 301.01 MUR-;
100 ## - MAIN ENTRY--AUTHOR NAME
Personal name Murphy, Robert F.
245 #0 - TITLE STATEMENT
Title Dialectics of social life: alarms and excursions in anthropological theory
260 ## - PUBLICATION, DISTRIBUTION, ETC. (IMPRINT)
Place of publication New York
Name of publisher Basic Books Publishers
Year of publication 1971
300 ## - PHYSICAL DESCRIPTION
Number of Pages 261p.
504 ## - BIBLIOGRAPHY, ETC. NOTE
Bibliography, etc Includes index<br/>
650 ## - SUBJECT ADDED ENTRY--TOPICAL TERM
Topical Term Anthropology - Philosophy
650 ## - SUBJECT ADDED ENTRY--TOPICAL TERM
Topical Term Ethnology - Philosophy
650 ## - SUBJECT ADDED ENTRY--TOPICAL TERM
Topical Term Social anthropology
650 ## - SUBJECT ADDED ENTRY--TOPICAL TERM
Topical Term Dialectic
650 ## - SUBJECT ADDED ENTRY--TOPICAL TERM
Topical Term Sociology - Philosophy
942 ## - ADDED ENTRY ELEMENTS (KOHA)
Koha item type Books
Source of classification or shelving scheme Dewey Decimal Classification
Holdings
Withdrawn status Lost status Damaged status Not for loan Home library Current library Date acquired Full call number Accession Number Price effective from Koha item type
        NASSDOC Library NASSDOC Library 08/06/2004 301.01 MUR-; 4182 18/04/2019 Books